zpět

Detail výsledku týmu

Radegastovna Rex, Zlín

Datum a čas kvízu

20 Celkem bodů Celkový počet nahraných bodů na tomto kvízu bez doplňovacích otázek.
12. Pořadí na kvízu Konečné umístění týmu na tomto kvízu.

Zaznamenané odpovědi

# Otázka Odpověď Body Výsledky
1. V Rokycanech podal minulý týde... členy Ku-klux-klanu 1
2. Francouzské námořnictvo muselo... A 0
3. Na snímku vidíme umělce jménem... Banksy 1
4. Ministryně financí Alena Schil... Kobra 1
5. České reprezentantky si v kval... o basketbal 1
1. Vítězné téma „vražedně“ těsnéh... Hercule Poirot 0
2. Fiktivní detektiv třetí třídy... Ed McBain, New York 0
3. Přiřaďte autory severských det... 1B 2C 3A 4D 0
4. Pán ohně, Čtvrtá oběť, Sál smr... Peter May, Čína 0
5. Jednou z nejúspěšnějších český... Zmizela v mlze (Norsko), Ostrov šedých mnichů (Nizozemsko) 0